000 01059nam a22003257a 4500
003 CHAP
005 20220329143812.0
008 110909s1953 mx a r 00010 spa d
010 _a102071
011 _a103043
035 _a113732
040 _cCHAP
082 0 4 _a620.1
_bC27
100 0 0 _aCastillo Martínez, Heberto.
_920171
245 1 0 _aEcuación completa de la barra plana :
_bcon efectos secundarios
_c/por Heberto Castillo Martínez
260 _aMéxico, D.F. :
_bPublicaciones Técnicas,
_c1953
300 _a92 p. :
_bilus., gráfs.
590 _aBATCH-UPD
_b10
_c20130110
_lUCH01
_h1748
590 _aBATCH-UPD
_b10
_c20130410
_lUCH01
_h1126
590 _aBATCH-UPD
_b10
_c20130914
_lUCH01
_h0857
590 _aCONVERSION
_b10
_c20130109
_lUCH01
_h1356
650 1 4 _aCinemática.
_923327
650 1 4 _aCinética.
_923328
650 1 4 _aDinámica.
_932626
650 1 4 _aEcuaciones.
_935304
650 1 4 _aMecánica.
_973810
901 _aBK
942 _cLIBRO
949 _a620.1 C27
_bBC
_cLIBRO
_d33724002307090
_eLIBRO
_gDonaciØn
_h115756
_i113732
_sb
999 _c102071
_d102071